The study of diseases of post-weaning piglets at chea pheng farm in samrong tbong village, samrong commune, pornhealeu district, kandal province, សិក្សាអំពីជំងឺកូនជ្រូក ក្រោយពេលផ្ដាច់ដោះនៅកសិដ្ឋាន ជា ផេង ស្រុកពញាឭ ខេត្តកណ្ដាល (Record no. 7903)

000 -LEADER
fixed length control field 00723nam a22001457a 4500
003 - CONTROL NUMBER IDENTIFIER
control field OSt
005 - DATE AND TIME OF LATEST TRANSACTION
control field 20160331103243.0
008 - FIXED-LENGTH DATA ELEMENTS--GENERAL INFORMATION
fixed length control field 160331b xxu||||| |||| 00| 0 eng d
040 ## - CATALOGING SOURCE
Transcribing agency RUA
082 ## - DEWEY DECIMAL CLASSIFICATION NUMBER
Classification number AVM SAK 2005 B472 Or.1
100 ## - MAIN ENTRY--PERSONAL NAME
9 (RLIN) 8263
Personal name SAK DAVID; សក់ ដាវីដ
245 ## - TITLE STATEMENT
Title The study of diseases of post-weaning piglets at chea pheng farm in samrong tbong village, samrong commune, pornhealeu district, kandal province, សិក្សាអំពីជំងឺកូនជ្រូក ក្រោយពេលផ្ដាច់ដោះនៅកសិដ្ឋាន ជា ផេង ស្រុកពញាឭ ខេត្តកណ្ដាល
300 ## - PHYSICAL DESCRIPTION
Extent viii,33p.
Other physical details ill.
Dimensions 29cm.
942 ## - ADDED ENTRY ELEMENTS (KOHA)
Source of classification or shelving scheme
Koha item type AVM
Holdings
Price effective from Date last seen Permanent Location Not for loan Date acquired Source of classification or shelving scheme Koha item type Barcode Lost status Damaged status Shelving location Withdrawn status Current Location Full call number
2016-03-312016-03-31Library Block B 2016-03-31 AVMRUA042719  B472 Library Block BAVM SAK 2005 B472 Or.1
មជ្ឈមណ្ឌលឯការនៃសាកលវិទ្យាល័យភូមិន្ទកសិកម្មចំការដូង

Powered by Koha